| 000 | 01382cam a22003855i 4500 | ||
|---|---|---|---|
| 999 |
_c18403 _d18375 |
||
| 001 | 015861207 | ||
| 003 | EG-ScBUE | ||
| 005 | 20200908113345.0 | ||
| 008 | 110726t20122012mdua f b 001 0 eng d | ||
| 020 | _a9781451143201 (pbk.) | ||
| 020 | _a1451143206 (pbk.) | ||
| 040 |
_aStDuBDS _erda _beng _cStDuBDS _dUkCU _dEG-ScBUE _dEG-ScBUE |
||
| 082 | 0 | 4 |
_a615.1076 _bPHA _222 |
| 245 | 0 | 0 |
_aPharmacology / _c[edited by] Michelle A. Clark [and three other]. |
| 250 | _aFifth edition. | ||
| 250 | _aInternational edition. | ||
| 264 | 1 |
_aBaltimore ; _aPhiladelphia : _bWolters Kluwer Health / Lippincott Williams & Wilkins, _c[2012] |
|
| 264 | 4 | _cc2012 | |
| 300 |
_axi, 612 pages : _billustrations (color) ; _c28 cm. |
||
| 336 |
_atext _btxt _2rdacontent |
||
| 337 |
_aunmediated _bn _2rdamedia |
||
| 338 |
_avolume _bnc _2rdacarrier |
||
| 490 | 0 | _aLippincott's illustrated reviews | |
| 500 | _aIndex : p. [571]-611. | ||
| 504 | _aBibliography : p. 612. | ||
| 650 | 7 |
_aPharmacology _vOutlines, syllabi, etc. _2BUEsh _936102 |
|
| 650 | 7 |
_aPharmacology _vExaminations, questions, etc. _2BUEsh _936103 |
|
| 651 | _2BUEsh | ||
| 653 |
_bPPhrm _cSeptember2014 _cJuly2015 _cAugust2020 |
||
| 700 | 1 |
_aClark, Michelle Alexia _eeditor. _936100 |
|
| 700 | 1 |
_aFinkel, Richard, _eeditor. _937575 |
|
| 700 | 1 |
_aRey, Jose A., _eeditor. |
|
| 700 | 1 |
_aWhalen, Karen, _eeditor. _937572 |
|
| 942 |
_2ddc _cBB |
||